| 000 | 00965nam a22003015a 4500 | ||
|---|---|---|---|
| 005 | 20150820110114.0 | ||
| 008 | 150817t2004 maua|||frb||| 001 0 eng d | ||
| 010 | _a 2002021448 | ||
| 020 | _a0321204638 | ||
| 020 | _a9780321204639 | ||
| 040 |
_aEG-ScBUE _beng _cEG-ScBUE |
||
| 082 | 0 | 4 |
_a332 _bMIS _222 |
| 100 | 1 | _aMishkin, Frederic S. | |
| 245 | 1 | 4 |
_aThe economics of money, banking, and financial markets / _cFrederic S. Mishkin. |
| 250 | _a7th ed., International ed. | ||
| 260 |
_aBoston : _bPearson Addison Wesley, _cc.2004. |
||
| 300 |
_a(various pagings) : _bill. (some col.) ; _c24 cm. |
||
| 440 | _aThe Addison-Wesley series in economics | ||
| 500 | _aIncludes index. | ||
| 504 | _aIncludes bibliographical references. | ||
| 590 | _aMenna Elemam | ||
| 650 | 0 |
_aFinance. _2BUEsh |
|
| 650 | 0 |
_aMoney. _2BUEsh |
|
| 650 | 0 |
_aBanks and banking. _2BUEsh |
|
| 651 | _2BUEsh | ||
| 653 |
_bBUSECO _cAugust2015 |
||
| 942 |
_cBB _k332 MIS _2ddc |
||
| 999 |
_c3864 _d3864 |
||